The digital canvas : (Record no. 7391)
[ view plain ]
| 000 -LEADER | |
|---|---|
| fixed length control field | 01029cam a22003014a 4500 |
| 001 - CONTROL NUMBER | |
| JCCL Control Number | 7391 |
| 003 - CONTROL NUMBER IDENTIFIER | |
| JCCL marc code | BD-JhCC |
| 005 - DATE AND TIME OF LATEST TRANSACTION | |
| control field | 20180208130317.0 |
| 008 - FIXED-LENGTH DATA ELEMENTS--GENERAL INFORMATION | |
| fixed length control field | 050907s2006 nyua 001 0 eng |
| 020 ## - INTERNATIONAL STANDARD BOOK NUMBER | |
| International Standard Book Number | 0810992361 (pbk. without flaps) |
| 020 ## - INTERNATIONAL STANDARD BOOK NUMBER | |
| International Standard Book Number | 9780810992368 |
| 035 ## - SYSTEM CONTROL NUMBER | |
| system control number | (BD-JhCC)7391 |
| 040 ## - CATALOGING SOURCE | |
| Original cataloging agency | DLC |
| Transcribing agency | DLC |
| Modifying agency | YDX |
| -- | BAKER |
| -- | OCO |
| -- | DLC |
| -- | BD-JhCC |
| 041 ## - LANGUAGE CODE | |
| Language code of Book | eng |
| 050 00 - LIBRARY OF CONGRESS CALL NUMBER | |
| Classification number | N7433.8 |
| Item number | .R35 2006 |
| 082 00 - DEWEY DECIMAL CLASSIFICATION NUMBER | |
| Classification number | 776 |
| DDC Edition number | 22 |
| Author mark and Year | RAI 2006 |
| 100 1# - MAIN ENTRY--PERSONAL NAME | |
| Personal name | Raimes, Jonathan. |
| 245 14 - TITLE STATEMENT | |
| Title | The digital canvas : |
| Remainder of title | discovering the art studio in your computer / |
| Statement of responsibility, etc | Jonathan Raimes ; foreword by Malcolm Garrett. |
| 260 ## - PUBLICATION, DISTRIBUTION, ETC. (IMPRINT) | |
| Place of publication, distribution, etc | New York : |
| Name of publisher, distributor, etc | Abrams, |
| Date of publication, distribution, etc | 2006. |
| 300 ## - PHYSICAL DESCRIPTION | |
| Pagination | 192 p. : |
| Other physical details | chiefly col. ill. ; |
| Dimensions | 26 cm. |
| 440 #0 - | |
| Title | Abrams studio |
| 500 ## - GENERAL NOTE | |
| General note | Includes index. |
| 650 #0 - SUBJECT ADDED ENTRY--TOPICAL TERM | |
| Topical term or geographic name as entry element | Computer art |
| General subdivision | Technique |
| 856 41 - ELECTRONIC LOCATION AND ACCESS | |
| Materials specified | Table of contents |
| Uniform Resource Identifier | http://www.loc.gov/catdir/toc/ecip0519/2005025958.html |
| 856 42 - ELECTRONIC LOCATION AND ACCESS | |
| Materials specified | Publisher description |
| Uniform Resource Identifier | http://www.loc.gov/catdir/enhancements/fy0630/2005025958-d.html |
| 942 ## - ADDED ENTRY ELEMENTS (KOHA) | |
| Source of classification or shelving scheme | Dewey Decimal Classification |
| Koha item type | Books |
| Source of classification or shelving scheme | Damaged status | Not for loan | Home library | Current library | Shelving location | Total Checkouts | Full call number | Barcode | Date last seen | Copy number | Koha item type |
|---|---|---|---|---|---|---|---|---|---|---|---|
| Dewey Decimal Classification | JCC Rouf Library | JCC Rouf Library | General Stacks | 776 RAI 2006 | 8898 | 02/08/2018 | C - 1 | Books |